000 00299nam a22001337a 4500
008 170130b xxu||||| |||| 00| 0 eng d
020 _a9780913383643
041 _aeng
080 _a61
100 _a3
101 _aSHM
245 _aMEDICINE IN THE ATHENS OF THE WEST
_cMAYO, W.P
942 _2udc
_cBK
999 _c3942
_d3942